000
00212 a2200097 4500
001
49442
100
_a
Stevenson
245
_a
Treasur Island
260
_a
London
_b
Thomas Nelson & Sons
_c
090
_c
31977
_d
31977
942
_a
NUST-CAE
_c
M
_c
24421
999
_c
284515
_d
284515